书目信息 |
| 题名: |
加强和改进思想政治工作
|
|
| 作者: | ;中国思想政治工作研究会 编 | |
| 分册: | ||
| 出版信息: | 北京 学习出版社 2017 |
|
| 页数: | 479页 | |
| 开本: | 24cm | |
| 丛书名: | ||
| 单 册: | ||
| 中图分类: | D64-53 | |
| 科图分类: | ||
| 主题词: | 政治工作--中国--文集 | |
| 电子资源: | ||
| ISBN: | 978-7-5147-0818-9 | |
| 000 | 01044nam0 2200241 450 | |
| 001 | 012001001006 | |
| 005 | 20140920091302.0 | |
| 010 | @a978-7-5147-0818-9@dCNY53.00 | |
| 100 | @a20180217d2017 em y0chiy50 ea | |
| 101 | 0 | @achi |
| 102 | @aCN@b110000 | |
| 105 | @ay z 000yy | |
| 106 | @ar | |
| 200 | 1 | @a加强和改进思想政治工作@9Jia Qiang He Gai Jin Si Xiang Zheng Zhi Gong Zuo@e中国政研会2016年度优秀研究成果文集@f中国思想政治工作研究会编 |
| 210 | @a北京@c学习出版社@d2017 | |
| 215 | @a479页@d24cm | |
| 330 | @a本书收录的文章有:国有企业培育践行社会主义核心价值观实践研究;新媒体环境下的舆论引导策略研究——以论坛、微博、手机报、微信等为例;企业党组织落实全面从严治党主题责任对策研究等。 | |
| 517 | 1 | @a中国政研会2016年度优秀研究成果文集@9Zhong Guo Zheng Yan Hui 2016 Nian Du You Xiu Yan Jiu Cheng Guo Wen Ji |
| 606 | 0 | @a政治工作@y中国@j文集 |
| 690 | @aD64-53@v5 | |
| 711 | 02 | @a中国思想政治工作研究会@9Zhong Guo Si Xiang Zheng Zhi Gong Zuo Yan Jiu Hui@4编 |
| 801 | 0 | @aCN@b上海新华@c20180901 |
| 905 | @b1155726-30@dD64-53@e209@f5 | |
| 加强和改进思想政治工作:中国政研会2016年度优秀研究成果文集/中国思想政治工作研究会编.-北京:学习出版社,2017 |
| 479页;24cm |
| ISBN 978-7-5147-0818-9:CNY53.00 |
| 本书收录的文章有:国有企业培育践行社会主义核心价值观实践研究;新媒体环境下的舆论引导策略研究——以论坛、微博、手机报、微信等为例;企业党组织落实全面从严治党主题责任对策研究等。 |
| ● |
| 相关链接 |
|
|
|
|
正题名:加强和改进思想政治工作
索取号:D64-53/209
 
预约/预借
| 序号 | 登录号 | 条形码 | 馆藏地/架位号 | 状态 | 备注 |
| 1 | 1155726 | 211557260 | 第一样本阅览室/ [索取号:D64-53/209] | 在馆 | |
| 2 | 1155727 | 211557279 | 第一借阅区/ [索取号:D64-53/209] | 在馆 | |
| 3 | 1155728 | 211557288 | 第一借阅区/ [索取号:D64-53/209] | 在馆 | |
| 4 | 1155729 | 211557297 | 密集书库-史法系/ [索取号:D64-53/209] | 在馆 | |
| 5 | 1155730 | 211557304 | 第一借阅区/ [索取号:D64-53/209] | 在馆 |